Copas v Windsor and Maidenhead BC (Record no. 68362)

MARC details
000 -LEADER
fixed length control field 00912cam a2200193 4500
001 - CONTROL NUMBER
control field X114830
008 - FIXED-LENGTH DATA ELEMENTS--GENERAL INFORMATION
fixed length control field 010926n2001 000 0 eng u
035 ## - SYSTEM CONTROL NUMBER
System control number (Sirsi) u114830
245 ## - TITLE STATEMENT
Title Copas v Windsor and Maidenhead BC
260 ## - PUBLICATION, DISTRIBUTION, ETC.
Date of publication, distribution, etc. 2001
490 ## - SERIES STATEMENT
Series statement Journal of Planning and Environment Law
Volume/sequential designation [2001] JPL 1169-1184(16)
520 ## - SUMMARY, ETC.
Summary, etc. CA 7 February 2001. Deposit draft local plan. Inclusion of land within Green Belt. Local plan inquiry. No modificaiton. applicaiton to quash decision of council to adopt local plan. PPG2. Test of necessity. Whether objectives of green belt land wrongly considered. Application allowed [Taken from journal headnote].
650 ## - SUBJECT ADDED ENTRY--TOPICAL TERM
Topical term or geographic name entry element COPAS V WINDSOR AND MAIDENHEAD BC
650 ## - SUBJECT ADDED ENTRY--TOPICAL TERM
Topical term or geographic name entry element LOCAL PLAN
650 ## - SUBJECT ADDED ENTRY--TOPICAL TERM
Topical term or geographic name entry element GREEN BELT LAND
650 ## - SUBJECT ADDED ENTRY--TOPICAL TERM
Topical term or geographic name entry element PLANNING POLICY GUIDANCE NOTE 2 (GREEN BELTS)
690 ## - LOCAL SUBJECT ADDED ENTRY--TOPICAL TERM (OCLC, RLIN)
Topical term or geographic name as entry element ENVIRONMENTAL AND LAND CONSULTANCY-PLANNING AND DEVELOPMENT
942 ## - ADDED ENTRY ELEMENTS (KOHA)
Suppress in OPAC 0
Holdings
Withdrawn status Lost status Source of classification or shelving scheme Damaged status Not for loan Home library Current library Shelving location Date acquired Total Checkouts Full call number Barcode Date last seen Copy number Price effective from Koha item type
    Dewey Decimal Classification     London London Journal article 26/09/2001   X114830 114830-1001 06/08/2019 1 06/08/2019 Journal article